000 00618nam a2200253 a 4500
001 14345
003 BD-JhCC
005 20250304121911.0
008 250302b19752018e a|||| ||a| 001 0 eng d
020 _a9780241339800
035 _a(BD-JhCC)14345
040 _aBD-JhCC
_dBD-JhCC
041 _aenglish
082 _a809
_bWAR 2018
100 _a Warhol,Andy
245 _aFame /
_cAndy Warhol.
260 _aNew York:
_bPenguin Books;
_c2018.
300 _a64 p. :
_c16 cm.
490 _aPenguin Modern: 47
500 _aPenguin Modern: 47
650 _aNon-fiction prose.
942 _2ddc
_cBK
999 _c14345
_d14345